000
002440000a22000970004500
100
1
_a
Guerrero, Jorge
245
1
0
_a
¿Alma en huelga o alma viva?
300
_a
Vol.7, núm.9 (2006), Páginas 138-139
773
0
_t
Conquista Cristiana
942
_c
ANA
999
_c
62220
_d
62220